New Methods in R.E Teaching: An Experiential Approach. (Record no. 157)

MARC details
000 -LEADER
fixed length control field 00364nam a22001217a 4500
005 - DATE AND TIME OF LATEST TRANSACTION
control field 20200810114856.0
008 - FIXED-LENGTH DATA ELEMENTS--GENERAL INFORMATION
fixed length control field 200810b ||||| |||| 00| 0 eng d
020 ## - INTERNATIONAL STANDARD BOOK NUMBER
International Standard Book Number 005004303x
040 ## - CATALOGING SOURCE
Transcribing agency CML
245 ## - TITLE STATEMENT
Title New Methods in R.E Teaching: An Experiential Approach.
Statement of responsibility, etc. Oliver & Boyd
260 ## - PUBLICATION, DISTRIBUTION, ETC.
Place of publication, distribution, etc. Harlow
Name of publisher, distributor, etc. Longman
Date of publication, distribution, etc. 1990
942 ## - ADDED ENTRY ELEMENTS (KOHA)
Source of classification or shelving scheme Dewey Decimal Classification
Koha item type Books
Edition 1st Edition
Classification part 207NEW
Call number suffix NEW
Holdings
Withdrawn status Lost status Source of classification or shelving scheme Damaged status Not for loan Collection code Home library Current library Shelving location Date acquired Total Checkouts Full call number Barcode Date last seen Price effective from Koha item type
    Dewey Decimal Classification     Religion Chalimbana Main Library Chalimbana Main Library Religion 08/10/2020   207 NEW 9780050043035 08/10/2020 08/10/2020 Books

Powered by Koha